000 00476nam a22001217a 4500
999 _c130141
_d130141
008 200121b ||||| |||| 00| 0 eng d
050 _aHC905
_b.R436
245 _aRestructuring the state and intergovernmental fiscal relations in South Africa
_cEdited by Bert Helmsing, Thomas Mogale and Roland Hunter
260 _aJohannesburg
_bFriedrich-Ebert-Stiftung
_c1996
300 _aii, 197p. ;
_c21cm.
651 _aSouth Africa
_xEconomic conditions
_921702
942 _2lcc
_cMONOGRAPH